|
|
|
|
| LEADER |
00000naa2a2200000 4500 |
| 001 |
451277 |
| 005 |
20231102015008.0 |
| 035 |
|
|
|a (RuTPU)RU\TPU\prd\113724
|
| 090 |
|
|
|a 451277
|
| 100 |
|
|
|a 20110620a1984 k y0rusy50 ca
|
| 101 |
0 |
|
|a rus
|
| 102 |
|
|
|a RU
|
| 200 |
1 |
|
|a Применение мягкого рентгеновского излучения для инициирования самостоятельного объемного разряда в больших межэлектродных промежутках
|f С. А. Генкин [и др.]
|
| 320 |
|
|
|a Библиогр.: с. 644 (8 назв.)
|
| 461 |
|
0 |
|0 (RuTPU)RU\TPU\prd\486
|t Письма в Журнал технической физики
|f Российская академия наук (РАН), Физико-технический институт им. А. Ф. Иоффе (ФТИ) ; Отделение общей физики и астрономии РАН
|d 1975-
|
| 463 |
|
0 |
|0 (RuTPU)RU\TPU\prd\102008
|t Т. 10, вып. 9-16
|v С. 641-644
|d 1984
|
| 610 |
1 |
|
|a труды учёных ТПУ
|
| 701 |
|
1 |
|a Генкин
|b С. А.
|
| 701 |
|
1 |
|a Карлов
|b Н. В.
|c российский физик, член-корреспондент РАН
|c ректор МФТИ (1987-2000 гг.)
|f 1929-
|g Николай Васильевич
|2 stltpush
|3 (RuTPU)RU\TPU\pers\17156
|4 070
|9 6295
|
| 701 |
|
1 |
|a Клименко
|b К. А.
|
| 701 |
|
1 |
|a Королев
|b Ю. Д.
|c физик
|c профессор Томского политехнического университета
|g Юрий Дмитриевич
|2 stltpush
|3 (RuTPU)RU\TPU\pers\26833
|4 070
|
| 701 |
|
1 |
|a Кузьмин
|b Г. П.
|c российский физик, профессор РАН
|f 1942-
|g Геннадий Петрович
|2 stltpush
|3 (RuTPU)RU\TPU\pers\17158
|4 070
|9 6297
|
| 701 |
|
1 |
|a Месяц
|b Г. А.
|c российский физик
|c академик, вице-президент РАН
|c выпускник Томского политехнического института
|f 1936-
|g Геннадий Андреевич
|2 stltpush
|3 (RuTPU)RU\TPU\pers\17099
|4 070
|
| 701 |
|
1 |
|a Новоселов
|b Ю. Н.
|
| 701 |
|
1 |
|a Прохоров
|b А. М.
|c российский физик
|c академик РАН
|f 1916-2001
|g Александр Михайлович
|2 stltpush
|3 (RuTPU)RU\TPU\pers\4396
|4 070
|9 994
|
| 801 |
|
1 |
|a RU
|b 63413507
|c 20110620
|
| 942 |
|
|
|c BK
|